| 000 | 01444nam a2200337 a 4500 | ||
|---|---|---|---|
| 001 | 58773 | ||
| 003 | BD-RjUL | ||
| 005 | 20211209080645.0 | ||
| 008 | 161219s2005 dcua b i000 0 eng | ||
| 020 | _a9780821357101 | ||
| 020 | _a0821357107 | ||
| 020 | _a0821357115 (eISBN) | ||
| 035 | _a(BD-RjUL)58897 | ||
| 040 |
_aDLC _cDLC _dDLC _beng |
||
| 041 | _aeng | ||
| 082 | 0 | 0 |
_a338.2091724 _222 _bLIE 2005 |
| 100 | 1 |
_aLiebenthal, Andrés, _d1947- _9174715 |
|
| 245 | 1 | 0 |
_aExtractive industries and sustainable development : _ban evaluation of the World Bank Group experience / _cAndres Liebenthal, Roland Michelitsch, Ethel Tarazona. |
| 260 |
_aWashington, DC : _bWorld Bank : _bInternational Finance Corp. : _bMultilateral Investment Guarantee Agency, _c2005. |
||
| 300 |
_axiv, 236 p. : _bill. ; _c28 cm. |
||
| 500 | _aAt head of title: World Bank Operations Evaluation Department, IFC Operations Evaluation Group, MIGA Operations Evaluation Unit. | ||
| 504 | _aIncludes bibliographical references. | ||
| 610 | 2 | 0 |
_aWorld Bank Group _9174716 |
| 650 | 0 |
_aMineral industries _xEnvironmental aspects _zDeveloping countries. _9174717 |
|
| 650 | 0 |
_aSustainable development _zDeveloping countries. _9174062 |
|
| 650 | 0 |
_aEconomic development projects _zDeveloping countries _xEvaluation. _9174718 |
|
| 700 | 1 |
_aMichelitsch, Roland. _9174719 |
|
| 700 | 1 |
_aTarazona, Ethel I., _d1963- _9174720 |
|
| 942 |
_2ddc _cBK |
||
| 999 |
_c58773 _d58773 |
||